El arte plumaria en México / (Registro nro. 27968)
[ vista simple ]
| 000 -LEADER | |
|---|---|
| fixed length control field | 01665cam a2200397 i 4500 |
| 001 - CONTROL NUMBER | |
| control field | 27968 |
| 003 - CONTROL NUMBER IDENTIFIER | |
| control field | Mx-PuUPA |
| 005 - DATE AND TIME OF LATEST TRANSACTION | |
| control field | 20250619160803.0 |
| 008 - FIXED-LENGTH DATA ELEMENTS--GENERAL INFORMATION | |
| fixed length control field | 140415s193 mx ao gr 001 0 spa d |
| 020 ## - INTERNATIONAL STANDARD BOOK NUMBER | |
| International Standard Book Number | 9687009357 |
| 040 ## - CATALOGING SOURCE | |
| Transcribing agency | Mx-PuUPA |
| Original cataloging agency | Mx-PuUPA |
| Language of cataloging | spa |
| Modifying agency | Mx-PuUPA |
| Description conventions | rda |
| 041 0# - LANGUAGE CODE | |
| Language code of text/sound track or separate title | spa |
| 043 ## - GEOGRAPHIC AREA CODE | |
| Geographic area code | n-mx--- |
| 245 10 - TITLE STATEMENT | |
| Title | El arte plumaria en México / |
| Statement of responsibility, etc. | Teresa Castelló Yturbide [editora] ; con la colaboración de, Manuel Cortina Portilla, Teresa de María y Campos, Alberto Cue, Irmgard Weitlaner Johnson, Marita Martínez del Río de Redo, Carlotta Mapelli Mozzi, María Olvido Moreno |
| 264 #1 - PRODUCTION, PUBLICATION, DISTRIBUTION, MANUFACTURE, AND COPYRIGHT NOTICE | |
| Place of production, publication, distribution, manufacture | México D.F. : |
| Name of producer, publisher, distributor, manufacturer | Fomento Cultural Banamex, |
| Date of production, publication, distribution, manufacture, or copyright notice | 1993 |
| 300 ## - PHYSICAL DESCRIPTION | |
| Extent | 250 páginas : |
| Other physical details | ilustraciones, fotografías, tablas ; |
| Dimensions | 32 cm |
| 336 ## - CONTENT TYPE | |
| Fuente | rdacontent |
| Content type term | texto |
| Content type code | txt |
| 337 ## - MEDIA TYPE | |
| Source | rdamedia |
| Media type term | sin medio |
| Media type code | n |
| 338 ## - CARRIER TYPE | |
| Source | rdacarrier |
| Carrier type term | volumen |
| Carrier type code | nc |
| 650 #7 - SUBJECT ADDED ENTRY--TOPICAL TERM | |
| Source of heading or term | armarc |
| Topical term or geographic name entry element | Trabajos con pluma |
| Geographic subdivision | México |
| General subdivision | Historia |
| 650 #7 - SUBJECT ADDED ENTRY--TOPICAL TERM | |
| Source of heading or term | armarc |
| Topical term or geographic name entry element | Objetos devocionales |
| Geographic subdivision | México |
| 650 #7 - SUBJECT ADDED ENTRY--TOPICAL TERM | |
| Source of heading or term | armarc |
| Topical term or geographic name entry element | Arte mexicano |
| 650 #7 - SUBJECT ADDED ENTRY--TOPICAL TERM | |
| Source of heading or term | armarc |
| Topical term or geographic name entry element | Arte y simbolismo cristiano |
| Geographic subdivision | México |
| 650 #7 - SUBJECT ADDED ENTRY--TOPICAL TERM | |
| Source of heading or term | armarc |
| Topical term or geographic name entry element | Arte y religión |
| Geographic subdivision | México |
| 700 1# - ADDED ENTRY--PERSONAL NAME | |
| Personal name | Castelló Yturbide, Teresa, |
| Relator term | editor |
| 700 1# - ADDED ENTRY--PERSONAL NAME | |
| Personal name | Cortina Portilla, Manuel, |
| Relator term | colaborador |
| 700 1# - ADDED ENTRY--PERSONAL NAME | |
| Personal name | María y Campos, Teresa de, |
| Relator term | colaborador |
| 700 1# - ADDED ENTRY--PERSONAL NAME | |
| Personal name | Cue, Alberto, |
| Relator term | colaborador |
| 700 1# - ADDED ENTRY--PERSONAL NAME | |
| Personal name | Witlaner Johnson, Irmgard, |
| Relator term | colaborador |
| 700 1# - ADDED ENTRY--PERSONAL NAME | |
| Personal name | Martínez del Río de Redo, Marita, |
| Relator term | colaborador |
| 700 1# - ADDED ENTRY--PERSONAL NAME | |
| Personal name | Mapelli Mozzi, Carlotta, |
| Relator term | colaborador |
| 700 1# - ADDED ENTRY--PERSONAL NAME | |
| Personal name | Olvido Moreno, María, |
| Relator term | traductor |
| 942 ## - ADDED ENTRY ELEMENTS (KOHA) | |
| Source of classification or shelving scheme | Dewey Decimal Classification |
| Koha item type | Libro |
| Classification part | 700.4820972 |
| Item part | E37 |
| Withdrawn status | Lost status | Source of classification or shelving scheme | Damaged status | Not for loan | Collection code | Home library | Current library | Shelving location | Date acquired | Total Checkouts | Full call number | Barcode | Date last seen | Price effective from | Koha item type |
|---|---|---|---|---|---|---|---|---|---|---|---|---|---|---|---|
| Dewey Decimal Classification | Referencia | Biblioteca Karol Wojtyla | Biblioteca Karol Wojtyla | Área de silencio | 03/12/2013 | 700.4820972 E37 1993 | 46571 | 05/01/2026 | 03/12/2013 | Folio |